Представление документа в формате MARC21

Поле Инд. ПП Название Значение
Тип записи a
Библиографический уровень m
001 Контрольный номер RU/IS/BASE/475662142
005 Дата корректировки 20150303090946.8
040 a Служба первич. каталог. НБ ТвГУ
b Код языка каталог. rus
e Правила каталог. PSBO
041 0_ a Код языка текста rus
080 a Индекс УДК 811.161.1'373(043.3)
084 a Индекс другой классификации/Индекс ББК Ш141.12-324я031
090 a Полочн. индекс Ш141.12
x Авторский знак Г 13
100 1_ a Автор Гадианлу Марьям
245 10 a Заглавие Лексикографическое описание русской терминологии морского судоходства для персидскоязычных специалистов
b Продолж. заглавия автореф. дис. ... к.ф.н. : 10.02.01
c Ответственность Гос. ин-т рус. яз. им. А. С. Пушкина, Каф. общ. и рус. языкознания
260 a Место издания Москва
c Дата издания 2014
300 a Объем 24 с.
500 a Примечание На правах рукоп.
504 a Библиография Библиогр. в конце книги
653 a Ключевые слова Авторефераты
a Ключевые слова Диссертации
a Ключевые слова Иран
a Ключевые слова Лексикография
a Ключевые слова Лексикология
a Ключевые слова Морская терминология
a Ключевые слова Морское судоходство
a Ключевые слова Персидский язык
a Ключевые слова Русский язык
a Ключевые слова Терминология морского судоходства
a Ключевые слова Терминология русского языка
901 t Тип документа m
920 a Оператор Семен
a Оператор Рунт
a Оператор Густ
a Оператор Стро
930 a Новая/Ретро новая
952 c Вид литературы А/Р н
954 a Дата поступления на обработку 20150220
c Дата окончания ОНО 20150303
b Дата поступления в ОК 20150127